000 00397nam a2200121Ia 4500
008 220217s9999 xx 000 0 und d
245 0 _aRaw natural rubber- Determination of plasticity retention index
260 _aSwitzerland
260 _c1975
_bInternational Standards Organisation
500 _aStandard number: IS 2930
650 _aRaw natural rubber-plasticity retention index
942 _cST
999 _c73632
_d73632